LEADER 01810 am 2200673 n 450 001 9910149356503321 005 20160608 010 $a2-918887-25-0 024 7 $a10.4000/books.pcjb.1091 035 $a(CKB)4330000000030619 035 $a(FrMaCLE)OB-pcjb-1091 035 $a(oapen)https://directory.doabooks.org/handle/20.500.12854/54833 035 $a(PPN)197596460 035 $a(EXLCZ)994330000000030619 100 $a20161021j|||||||| ||| 0 101 0 $afre 135 $auu||||||m|||| 181 $ctxt$2rdacontent 182 $cc$2rdamedia 183 $acr$2rdacarrier 200 10$aNouveaux documents sur l'art du Peintre de Lipari /$fMadeleine Cavalier 210 $aNaples $cPublications du Centre Jean Bérard$d2016 215 $a1 online resource (66-[61] p.) 311 $a2-903189-06-4 606 $aArt 606 $aHistory 606 $aLipari 606 $afouille archéologique 606 $aîles Eoliennes 606 $aItalie 606 $acéramique 606 $aAntiquité 606 $apeinture 606 $avase 610 $aItalie 610 $afouille archéologique 610 $apeinture 610 $aîles Eoliennes 610 $acéramique 610 $aAntiquité 610 $aLipari 610 $avase 615 4$aArt 615 4$aHistory 615 4$aLipari 615 4$afouille archéologique 615 4$aîles Eoliennes 615 4$aItalie 615 4$acéramique 615 4$aAntiquité 615 4$apeinture 615 4$avase 700 $aCavalier$b Madeleine$0162653 701 $aBernabò Brea$b Luigi$0397511 801 0$bFR-FrMaCLE 906 $aBOOK 912 $a9910149356503321 996 $aNouveaux documents sur l'art du Peintre de Lipari$93032781 997 $aUNINA LEADER 01290nam 2200265la 450 001 9910481536203321 005 20230503102524.0 035 $a(UK-CbPIL)2090357334 035 $a(CKB)5500000000105144 035 $a(EXLCZ)995500000000105144 100 $a20230503d1545 uy | 101 0 $alat 135 $aurcn||||a|bb| 200 10$aMarci Tullii Ciceronis Officiorum libri tres: Cato maior, vel De senectute: Laelius, vel De amicitia: Paradoxa stoicorum sex. Somnium Scipionis ex libro sexto De republica ... Additae sunt in extremo opere variae lectiones e libris manuscriptis, et ex ingenio 210 $aVenice $cPaolo Manuzio, 1512-1574$d1545 215 $aOnline resource ([ 2], 125, 3] c., 8o) 300 $aReproduction of original in Biblioteca Nazionale Centrale di Firenze. 700 $aCicero$b Marcus Tullius$082411 701 $aManuzio$b Aldo$f1449 or 1450-1515.$0743643 801 0$bUk-CbPIL 801 1$bUk-CbPIL 906 $aBOOK 912 $a9910481536203321 996 $aMarci Tullii Ciceronis Officiorum libri tres: Cato maior, vel De senectute: Laelius, vel De amicitia: Paradoxa stoicorum sex. Somnium Scipionis ex libro sexto De republica ... Additae sunt in extremo opere variae lectiones e libris manuscriptis, et ex ingenio$92060946 997 $aUNINA